| 000 | 00356nam a22001337a 4500 | ||
|---|---|---|---|
| 082 | _aP173 | ||
| 100 |
_aFahad Amin. _947981 |
||
| 245 |
_aSoftware development for structure analysis/ _bFahad Amin, Saad Hamed. |
||
| 260 |
_aMCE _c2000. |
||
| 526 |
_a0 _b0 _c0 _dP_000000000000000_173 |
||
| 650 | _aProject. | ||
| 700 |
_aArif Raza. _947746 |
||
| 942 |
_2ddc _cBK |
||
| 999 |
_c551043 _d551043 |
||